01077nam a22002657a 4500999001300000003000900013008004100022020001500063040007100078082001800149100002500167245003200192260003500224300002800259440005100287505016900338650002900507650003000536650003600566700004500602700004200647942001600689945000800705952009800713 c714d714AR-CdUCM190225b ||||| |||| 00| 0 spa d a8482801848 aMUNICIPALIDAD PROVINCIAL DEL CUSCOcBIBLIOTECA MUNICIPAL DEL CUSCO a848.57 /bV85 aVoltaire, François aCándido y otros cuentos / aBogota: bOveja negra, c1984. a207 páginas ;c18 cm. aHistoria universal de la literatura.n8492750 aContenido: Cándido o el optimismo -- El ingenuo -- Micromegas. Historia filosófica -- El blanco y el negro -- Juanillo y Perico -- Memnon o la sabiduria humana. aLiteratura francesa9913 aCuentos siglo XVIII92751 aTraducciones al español91053 a Picazo, María Dolores (editora)92752 aGutiérrez, Fátima (editora)92753 2ddccLIBROS azta 002ddc4070aSHbSHcCARTd2019-02-25g20.00o848.57 / V85pSH0000000618r2019-02-25yLIBROS